000 00972cab a2200277 4500
001 ABS68718
008 050224n2005 000 0 eng u
035 _a(Sirsi) u128882
245 _aWhere is the land?
260 _c2005
490 _aProperty News
_vFebruary 2005, 18-19(2)
520 _aExamines the industrial and office property markets in Devon which are suffering from a lack of supply and a shortage of land fit for development. Demand is there but local planners and developers need to overcome restrictions placed on developments by the current Town and Country Planning (Use Classes) Order 1987 and historic land allocation policy.
590 _aABS
650 _aINDUSTRIAL LAND
650 _aOFFICES
650 _aLAND
650 _aDEVELOPMENT
650 _aPLANNING USE
650 _aEXETER
650 _aPLYMOUTH
650 _aTORQUAY
650 _aDEVON
650 _aRENTS
690 _aCOMMERICAL PROPERTY-MARKET
942 _n0
999 _c74836
_d74836